[Event "GER-chT U14"]
[Site "Verden an der Aller"]
[Date "2017.12.29"]
[Round "6.4"]
[White "Matthiessen, Linus"]
[Black "Beer, Ludwig"]
[Result "1/2-1/2"]
[WhiteElo "1293"]
[BlackElo "1553"]
[PlyCount "114"]
[EventDate "2017.12.26"]
[EventType "team-swiss"]
[EventRounds "7"]
[EventCountry "GER"]
[SourceTitle "CBM 182 Extra"]
[Source "ChessBase"]
[SourceDate "2018.02.23"]
[SourceVersion "1"]
[SourceVersionDate "2018.02.23"]
[SourceQuality "1"]
[WhiteTeam "Paderborn"]
[BlackTeam "Berlin Empor"]
[WhiteTeamCountry "GER"]
[BlackTeamCountry "GER"]

1. d4 d5 2. Bf4 Nf6 3. Nf3 c5 4. c3 Nc6 5. e3 Qb6 6. Qc2 Bf5 7. Qd2 h6 8. dxc5 Qxc5 9. Bd3 Bh7 10. Nd4 e6 11. Nb5 e5 12. Bg3 Rc8 13. N5a3 a6 14. Qc2 b5 15. Bxh7 Nxh7 16. Qf5 Ne7 17. Qxe5 f6 18. Qd4 Nf5 19. Qxc5 Bxc5 20. Nc2 b4 21. 0-0 bxc3 22. Nxc3 Nxg3 23. hxg3 Bd6 24. Rfd1 0-0 25. Rxd5 Be5 26. Rd3 Rb8 27. f4 Rxb2 28. fxe5 Rxc2 29. exf6 Nxf6 30. Rf1 Rc8 31. Nd5 Nxd5 32. Rxd5 Rxa2 33. Rf2 Ra1+ 34. Kh2 Re1 35. Re5 Ra8 36. Ra2 Rd1 37. Kh3 Rf1 38. Kh4 Kf7 39. e4 Rh8 40. Rf5+ Rxf5 41. exf5 Ra8 42. Kh5 Kf6 43. g4 a5 44. Ra4 Ra6 45. Kh4 Ke5 46. Kh5 Kd5 47. g5 hxg5 48. Kxg5 Kc5 49. Kh5 Kb5 50. Ra1 a4 51. g4 a3 52. g5 a2 53. f6 gxf6 54. g6 Kb4 55. g7 Ra8 56. g8Q Rxg8 57. Rxa2 Kc5 1/2-1/2

[Event "GER-chT U12"]
[Site "Magdeburg"]
[Date "2015.12.30"]
[Round "7.4"]
[White "Schmidt, Paul2"]
[Black "Matthiessen, Linus"]
[Result "1-0"]
[WhiteElo "1217"]
[BlackElo "1237"]
[PlyCount "81"]
[EventDate "2015.12.27"]
[EventType "team-swiss"]
[EventRounds "7"]
[EventCountry "GER"]
[SourceTitle "EXT 2017"]
[Source "ChessBase"]
[SourceDate "2016.10.25"]
[SourceVersion "1"]
[SourceVersionDate "2016.10.25"]
[SourceQuality "1"]
[WhiteTeam "Hagen"]
[BlackTeam "Paderborn Blauer Springer"]
[WhiteTeamCountry "GER"]
[BlackTeamCountry "GER"]

1. d4 d5 2. Nc3 Bf5 3. Bf4 c6 4. Qd2 Nf6 5. e3 e6 6. Bd3 Bg6 7. Nge2 Bd6 8. Bg5 Be7 9. Nf4 Ne4 10. Bxe7 Qxe7 11. Nxe4 Bxe4 12. f3 Bxd3 13. Nxd3 Nd7 14. Qc3 Qg5 15. Qd2 e5 16. 0-0-0 exd4 17. exd4 Qxd2+ 18. Rxd2 0-0 19. Re1 h6 20. Rde2 Nf6 21. Re7 b6 22. Rc7 Rfc8 23. Ree7 Kf8 24. Rxf7+ Kg8 25. Rxg7+ Kf8 26. Rcf7+ Ke8 27. Rxf6 h5 28. Rh6 Kf8 29. Rg5 Rc7 30. Rh8+ Kf7 31. Rxa8 Kf6 32. Rxh5 Kg6 33. g4 Rf7 34. Ne5+ Kf6 35. Rf5+ Ke6 36. Rxf7 Kd6 37. Rd7+ Ke6 38. Re8+ Kf6 39. Rf7+ Kg5 40. f4+ Kh4 41. Rh8# 1-0

[Event "GER-chT U10"]
[Site "Magdeburg"]
[Date "2012.12.28"]
[Round "4.3"]
[White "Dittrich, Julius"]
[Black "Matthiessen, Linus"]
[Result "0-1"]
[WhiteElo "681"]
[BlackElo "681"]
[PlyCount "42"]
[EventDate "2012.12.27"]
[EventType "team-swiss"]
[EventRounds "7"]
[EventCountry "GER"]
[SourceTitle "EXT 2014"]
[Source "ChessBase"]
[SourceDate "2013.11.20"]
[SourceVersion "1"]
[SourceVersionDate "2013.11.20"]
[SourceQuality "1"]
[WhiteTeam "Breitenworbis II"]
[BlackTeam "Paderborn Blauer Springer II"]
[WhiteTeamCountry "GER"]
[BlackTeamCountry "GER"]

1. e4 d5 2. exd5 Qxd5 3. Nc3 Qa5 4. Nf3 Nf6 5. Be2 c6 6. 0-0 e6 7. a3 Bd6 8. Nh4 Qe5 9. g3 b6 10. d3 c5 11. Bf4 Qd4 12. Bxd6 Qxd6 13. Nb5 Qc6 14. Bf3 Qxb5 15. Bxa8 Nd5 16. Bxd5 exd5 17. b3 Bb7 18. a4 Qc6 19. Qe1+ Kf8 20. Qe2 d4 21. Rae1 Qh1# 0-1